000 00700nam a22002297a 4500
999 _c14977
_d14977
003 AR-CdUCM
008 190425b ||||| |||| 00| 0 spa d
020 _a978-607-735-878-7
040 _aMUNICIPALIDAD PROVINCIAL DEL CUSCO
_cBIBLIOTECA MUNICIPAL DEL CUSCO
041 _heng
082 _aPI / 808.06 /
_bG14
100 _aGaiman, Neil
_933962
245 _aEl primer día de escuela de Chu /
260 _aEspaña :
_bOcéano,
_c2016.
300 _bIlustraciones,
_c25 cm.
500 _aNo cuenta con numeración de paginas
650 _aOsito panda
_933963
650 _aLiteratura infantil
_9588
650 _aPrimera infancia
_924660
942 _2ddc
_cLIBROS
945 _adavv
_d25/04/2019